000 00758nam a2200241Ia 4500
003 OSt
005 20220926025956.0
006 a|||||r|||| 00| 0
007 ta
008 220923b |||||||| |||| 00| 0 eng d
037 _cGeneral Book
040 _aRTL
_cRTL
_beng
041 _2eng
_aeng
082 _aX9(J):75.53.N7, L4
110 _aOrganisation For Economic Co-Operation And Development
_942504
245 0 _aAgricultural policy in France
260 _aParis
_bOrganisation For Economic Co-Operation and Development
_c1974
300 _a87p.
_ccm.
650 _aPlanning
700 _aOrganisation For Economic Co-Operation And Development
_942505
942 _hX9(J):75.53.N7, L4
_cGB
_2CC
999 _c648354
_d648354